| 000 | 00378nam a22001457a 4500 | ||
|---|---|---|---|
| 003 | SGT | ||
| 082 |
_a615.53 _bV13S |
||
| 100 | _aSHARMA, SHREE RAM | ||
| 245 | _aVYAKTITWA VIKASH HETU UCCHASTARIYA SADHANAYE | ||
| 260 |
_aMATHURA _b AKHAND JYOTI SANSTHAN _c2013 |
||
| 300 | _a316 | ||
| 650 | _aAYURVEDA | ||
| 653 | _aVYAKTITWA, VIKASH, UCCHASTARIYA, SADHANAYE | ||
| 942 |
_2ddc _cBK |
||
| 999 |
_c32300 _d32300 |
||